00497cam2a220018100 4500001001200000008004100012035001900053035001800072050001900090100002600109245002300135591002300158591003800181591001700219591003200236591002800268999001900296zam00002916951128s1963 xx eng u a(Sirsi) r20253 a(MACHINE)SLC. aDT 30 NKR 1963 aNkrumah, K.6A80768.1 aAfrica must unite. aClass code: H 230. aCourse: History of modern Africa. aSchool: S05. aLecturer: Dr. MULENGA, M.N. aNumber of Students: 24. c171418d171418